| 000 | 01186nam a2200337 a 4500 | ||
|---|---|---|---|
| 001 | 000002516 | ||
| 003 | DO-SdBPM | ||
| 005 | 20250625104919.0 | ||
| 007 | ta | ||
| 008 | 090702s1989 dr r 000 p spa d | ||
| 040 |
_aDO-SdBNP _bspa _cBPMSU _drda |
||
| 082 | 4 |
_a861.44 _bA958de _221 |
|
| 100 | 1 |
_aAvilés Blonda, Máximo, _d1931-1988 |
|
| 100 | z |
_a Avilés, Máximo, _d1931-1988 |
|
| 100 | z |
_a Blonda, Máximo Avilés, _d1931-1988 |
|
| 245 | 1 | 0 |
_aDel comienzo, al final de la vida : _bselección de poemas / _cMáximo Avilés Blonda ; presentación José Alcántara Almánzar. |
| 260 | _c | ||
| 264 |
_aSanto Domingo : _bUniversidad Autónoma de Santo Domingo _c1976 |
||
| 300 |
_a266 páginas. ; _c21 cm. |
||
| 336 |
_atexto _btxt _2rdacontent |
||
| 337 |
_asin mediación _bn _2rdamedia |
||
| 338 |
_avolumen _bnc _2rdacarrier |
||
| 490 | 0 |
_aPublicaciones de la Universidad Autónoma de Santo Domingo _v197/4 |
|
| 590 | _aInventariado, 2025/VM | ||
| 650 | 7 | _aPoesía dominicana | |
| 650 | 7 | _aLiteratura dominicana. | |
| 650 | z | _aDominican literature | |
| 700 | 1 |
_aAlcántara Almánzar, José _d1946- |
|
| 910 | _aVMateo V. Control de calidad BPMSU | ||
| 942 |
_2ddc _cBK |
||
| 999 |
_c15215 _d15215 |
||